000
00316nam a2200109Ia 4500
008
171211s9999 xx 000 0 und d
245
_a
Final Fantasy Crystal Chronicles: The Official Guide
245
_c
Mathieu Daujam
260
_c
2004
650
_x
GAMES
856
_u
http://down.ebook777.com/056/9781903511589.pdf
999
_c
348904
_d
348904